Government believes it's time to act (Record no. 81729)

MARC details
000 -LEADER
fixed length control field 00811cab a22001935a 4500
001 - CONTROL NUMBER
control field E148096
008 - FIXED-LENGTH DATA ELEMENTS--GENERAL INFORMATION
fixed length control field 090723e20090718stko f 000 0 eng d
035 ## - SYSTEM CONTROL NUMBER
System control number (Sirsi) u148096
041 0# - LANGUAGE CODE
Language code of text/sound track or separate title eng
100 1# - MAIN ENTRY--PERSONAL NAME
Personal name Martin, John
245 00 - TITLE STATEMENT
Title Government believes it's time to act
260 ## - PUBLICATION, DISTRIBUTION, ETC.
Date of publication, distribution, etc. 2009
490 ## - SERIES STATEMENT
Series statement Estates Gazette
Volume/sequential designation (0928) 18 July 2009, 77-78(2)
520 ## - SUMMARY, ETC.
Summary, etc. Discusses a government consultation seeking views on a new way of extending time limits on the implementation of planning permissions. The changes are proposed due to fears that a slowdown in the number of development schemes started could lead to large numbers of permissions lapsing, and thus hold back economic recovery.
590 ## - LOCAL NOTE (RLIN)
Local note KA
651 #4 - SUBJECT ADDED ENTRY--GEOGRAPHIC NAME
Geographic name England and Wales
Chronological subdivision 1543-
690 ## - LOCAL SUBJECT ADDED ENTRY--TOPICAL TERM (OCLC, RLIN)
Topical term or geographic name as entry element Planning and development
9 (RLIN) 6259
942 ## - ADDED ENTRY ELEMENTS (KOHA)
Suppress in OPAC 0
Holdings
Withdrawn status Lost status Source of classification or shelving scheme Damaged status Not for loan Home library Current library Shelving location Date acquired Total Checkouts Full call number Barcode Date last seen Copy number Price effective from Koha item type
    Dewey Decimal Classification     London London Journal article 23/07/2009   E148096 148096-2001 06/08/2019 1 06/08/2019 Journal article